[Event "Olympiad Women-43"]
[Site "Batumi"]
[Date "2018.09.26"]
[Round "3.45"]
[White "Junior, Ednasia"]
[Black "Dannenberg, Olavi"]
[Result "1/2-1/2"]
[WhiteElo "1725"]
[BlackElo "1926"]
[PlyCount "120"]
[EventDate "2018.09.24"]
[EventType "team-swiss"]
[EventRounds "11"]
[EventCountry "GEO"]
[SourceTitle "EXT 2020"]
[Source "ChessBase"]
[SourceDate "2019.10.17"]
[SourceVersion "1"]
[SourceVersionDate "2019.10.17"]
[SourceQuality "1"]
[WhiteTeam "Angola (W)"]
[BlackTeam "Finland (W)"]
[WhiteTeamCountry "ANG"]
[BlackTeamCountry "FIN"]

1. e4 d5 2. exd5 Qxd5 3. Nc3 Qa5 4. Nf3 Nf6 5. Bc4 Bf5 6. d3 e6 7. a3 c6 8. Bf4 Nbd7 9. Qe2 Nb6 10. 0-0 Nxc4 11. dxc4 Be7 12. b4 Qd8 13. Rfd1 Qc8 14. h3 0-0 15. Nh4 Bg6 16. Nxg6 hxg6 17. Ne4 Nxe4 18. Qxe4 Rd8 19. Rd3 Rxd3 20. cxd3 Qd7 21. Rb1 Rd8 22. Rb3 g5 23. Bd2 Bf6 24. Kf1 Qc7 25. g3 Rd4 26. Qe2 Rd7 27. Qe4 Qd8 28. Ke2 Bd4 29. Qg4 Qf6 30. Qf3 Qe5+ 31. Qe4 Qf6 32. Qf3 Qxf3+ 33. Kxf3 f6 34. g4 Kf7 35. a4 e5 36. a5 Ke6 37. Be3 g6 38. b5 c5 39. Ke2 Rh7 40. a6 b6 41. Bxd4 exd4 42. Rb1 Rxh3 43. Rg1 Ke5 44. Rg3 Rh1 45. Kf3 f5 46. gxf5 Kxf5 47. Kg2 Rh4 48. Rf3+ Rf4 49. Rh3 Rg4+ 50. Kf1 Rh4 51. Rf3+ Rf4 52. Rh3 g4 53. Rh7 g3 54. Rxa7 Rxf2+ 55. Kg1 Ra2 56. Rf7+ Kg4 57. Rf8 g5 58. Rf6 Ra1+ 59. Kg2 Ra2+ 60. Kg1 Ra1+ 1/2-1/2